Normal view MARC view

Entry Nombre geográfico

Number of records used in: 1

001 - NÚMERO DE CONTROL

  • campo de control: 234389

003 - IDENTIFICADOR DE NÚMERO DE CONTROL

  • campo de control: SpMaBN

005 - FECHA Y HORA DE LA ÚLTIMA TRANSACCIÓN

  • campo de control: 20231025153150.0

008 - ELEMENTOS DE DATO DE LONGITUD-FIJA

  • campo de control de longitud fija: 920923 n anznnbabn |a ana

016 ## - NÚMERO DE CONTROL DE UNA AGENCIA BIBLIOGRÁFICA NACIONAL

  • Número de control del registro: BNE19925764619

024 7# - IDENTIFICADOR DE OTROS ESTÁNDARES

  • Número estándar o código: http://id.loc.gov/authorities/subjects/sh85064957
  • Fuente: lcsh

024 7# - IDENTIFICADOR DE OTROS ESTÁNDARES

  • Número estándar o código: https://catalogue.bnf.fr/ark:/12148/cb12012097b
  • Fuente: rameau

040 ## - FUENTE DE CATALOGACIÓN

  • Centro catalogador/agencia de origen: SpMaBN
  • Lengua de catalogación: spa
  • Centro/agencia transcriptor: SpMaBN
  • Normas de descripción: rdc
  • Convención/Normas de encabezamiento de materia/tesauro: embne

042 ## - CÓDIGO DE AUTENTICACIÓN

  • Código de autenticación: 20200909

080 ## - NÚMERO DE LA CLASIFICACIÓN DECIMAL UNIVERSAL

  • Número de la Clasificación Decimal Universal: (540-13)
  • Identificador de la edición: mrf12

151 ## - ENCABEZAMIENTO--NOMBRE GEOGRÁFICO

  • Nombre geográfico: India meridional-
  • Subdivisión general: Descripción

670 ## - FUENTE DE DATOS ENCONTRADOS

  • Cita de la fuente: WWW LCSH, 9-9-2020
  • Información encontrada: (India, South)

670 ## - FUENTE DE DATOS ENCONTRADOS

  • Cita de la fuente: WWW RAMEAU, 9-9-2020
  • Información encontrada: [Inde (sud)]